International conference on the harmonized system of survey and certification : final act of the conference with resolutions and the protocol of 1988 related to the international convention on load lines, 1966

Αποθηκεύτηκε σε:
Λεπτομέρειες βιβλιογραφικής εγγραφής
Συγγραφή απο Οργανισμό/Αρχή: International Conference on the Harmonized System of Survey and Certification
Μορφή: Βιβλίο
Γλώσσα:English
Δημοσίευση: London : International Maritime Organization, 1989
Θέματα:
Ετικέτες: Προσθήκη ετικέτας
Δεν υπάρχουν, Καταχωρήστε ετικέτα πρώτοι!

MARC

LEADER 00000nam a2200000 i 4500
001 1/66158
008 980907s1989 eng d
020 |a 9280112465 
035 |l 10029770 
040 |a GR-MY-UA  |b gre  |e aacr 
041 0 |a eng 
082 0 |a 341.75665 
110 1 |a International Conference on the Harmonized System of Survey and Certification. 
245 1 0 |a International conference on the harmonized system of survey and certification :  |b final act of the conference with resolutions and the protocol of 1988 related to the international convention on load lines, 1966 
260 |a London :   |b International Maritime Organization,   |c 1989 
300 |a iii, 66 p. 
650 0 0 |a Load-line. 
852 |a INST  |b CHIOS  |e 19980907  |h 341.75665 INT  |p 005200015688  |q 005200015688  |t BK  |y 0 
901 |a BIBL-1998-3 
909 |a Χ  |b 054778 
922 |a 2ΕΛΗ  |b 199809  |c ΤΝΕΥ  |d ΜΑΝΤΑΡΑΚΗΣ